MARC

Tag First Indicator Second Indicator Subfields
LEADER 00000cam a2200000Ii 4500
001 in00004032049
005 20180718090309.0
008 180328s2018 txuab b s000 0 eng d
035 |a (OCoLC)on1029736662 
035 |a (OCoLC)1029736662 
040 |a IKM  |b eng  |e rda  |c IKM  |d OCLCF  |d TXA  |d UtOrBLW 
043 |a n-us-tx 
049 |a TXAM 
086 |a H2000.7 P422 NO.7789  |2 txdocs 
090 |a F394.S21147  |b F5427 2018 
100 1 |a Kemp, Leonard,  |e author.  |0 http://id.loc.gov/authorities/names/no2008147473 
245 1 0 |a Archaeological monitoring for the Espada Road widening and infrastructure upgrades project, San Antonio, Bexar County, Texas /  |c by Leonard Kemp ; principal investigator, Paul Shawn Marceaux. 
264 1 |a San Antonio, Tex. :  |b Center for Archaeological Research, The University of Texas at San Antonio,  |c ©2018. 
300 |a x, 23 pages :  |b color illustrations, color maps ;  |c 28 cm. 
336 |a text  |b txt  |2 rdacontent 
337 |a unmediated  |b n  |2 rdamedia 
338 |a volume  |b nc  |2 rdacarrier 
490 1 |a Technical report ;  |v no. 75 
500 |a "Prepared for: Poznecki-Camarillo, Inc." 
500 |a "Texas Antiquities permit number 7789." 
504 |a Includes bibliographical references (pages 21-23). 
610 2 0 |a Mission San Francisco de la Espada (San Antonio, Tex.)  |0 http://id.loc.gov/authorities/names/no00024181 
610 2 7 |a Mission San Francisco de la Espada (San Antonio, Tex.)  |2 fast  |0 (OCoLC)fst00754578 
650 0 |a Archaeological surveying  |z Texas  |z San Antonio. 
650 0 |a Excavations (Archaeology)  |z Texas  |z San Antonio.  |0 http://id.loc.gov/authorities/subjects/sh2008120017 
651 0 |a San Antonio (Tex.)  |x Antiquities.  |0 http://id.loc.gov/authorities/subjects/sh2008116855 
650 7 |a Antiquities.  |2 fast  |0 (OCoLC)fst00810745 
650 7 |a Archaeological surveying.  |2 fast  |0 (OCoLC)fst00812919 
650 7 |a Excavations (Archaeology)  |2 fast  |0 (OCoLC)fst00917564 
651 7 |a Texas  |z San Antonio.  |2 fast  |0 (OCoLC)fst01205169 
700 1 |a Marceaux, Paul Shawn Joseph.  |0 http://id.loc.gov/authorities/names/no2015168725 
710 2 |a University of Texas at San Antonio.  |b Center for Archaeological Research.  |0 http://id.loc.gov/authorities/names/n78027680 
710 2 |a Texas Historical Commission.  |0 http://id.loc.gov/authorities/names/n79126358 
830 0 |a Technical report (University of Texas at San Antonio. Center for Archaeological Research) ;  |v no. 75.  |0 http://id.loc.gov/authorities/names/no2009048111 
994 |a C0  |b TXA 
948 |a cataloged  |b h  |c 2018/5/11  |d c  |e jlanham  |f 12:49:14 pm 
999 f f |s 74928353-a7e4-3b48-b2cc-f1410c087c60  |i e7bffa00-d615-3270-8329-7e5b1ef02783  |t 0 
952 f f |p normal  |a Texas A&M University  |b College Station  |c Sterling C. Evans Library  |d Evans: Library Stacks  |t 0  |e F394.S21147 F5427 2018  |h Library of Congress classification  |i unmediated -- volume  |m A14850427387 
998 f f |a F394.S21147 F5427 2018  |t 0  |l Evans: Library Stacks